[Event "Toscolano op"]
[Site "Toscolano"]
[Date "1996.??.??"]
[Round "4"]
[White "Mora, Federico"]
[Black "Di Lazzaro, Gabriele"]
[Result "1-0"]
[WhiteElo "2335"]
[BlackElo "2095"]
[PlyCount "107"]
[EventDate "1996.??.??"]
[EventType "swiss"]
[EventRounds "9"]
[EventCountry "ITA"]
[SourceTitle "EXT 1998"]
[Source "ChessBase"]
[SourceDate "1997.11.17"]
[SourceVersion "1"]
[SourceVersionDate "1997.11.17"]
[SourceQuality "1"]

1. e4 g6 2. d4 Bg7 3. c3 d5 4. e5 f6 5. f4 Nh6 6. Nf3 0-0 7. Be2 Bg4 8. 0-0 Bxf3 9. Bxf3 fxe5 10. fxe5 e6 11. Na3 c5 12. Qb3 Qe7 13. Be3 Nf5 14. Bf2 cxd4 15. cxd4 Nc6 16. Rad1 Rac8 17. Bg4 a6 18. Bxf5 Rxf5 19. Be3 Qb4 20. Qc3 Qxc3 21. bxc3 Rxf1+ 22. Kxf1 Bf8 23. Nb1 Na7 24. Ke2 Rc4 25. Kd3 b5 26. Rc1 Nc8 27. Rf1 Ne7 28. Rf6 Rc6 29. g4 Bg7 30. Rf2 Nc8 31. Nd2 Nb6 32. Nf3 Na4 33. Rc2 Nb6 34. Bc1 Nc4 35. h3 Bf8 36. g5 Rc7 37. Nh2 Rf7 38. Ke2 Rc7 39. Ng4 Be7 40. Kd3 Kg7 41. Nf6 Rc6 42. h4 Nb6 43. h5 b4 44. h6+ Kh8 45. cxb4 Rxc2 46. Kxc2 Bxb4 47. Ne8 Na8 48. Kb3 Be1 49. Ba3 Bd2 50. Be7 Kg8 51. Bd8 Be3 52. Kc3 Bg1 53. Nf6+ Kh8 54. Be7 1-0

[Event "Asiag Ludi Univ tt"]
[Site "Asiag"]
[Date "1993.??.??"]
[Round "4"]
[White "Mora, Federico"]
[Black "Bellomo, Francesco"]
[Result "0-1"]
[WhiteElo "2340"]
[BlackElo "2365"]
[PlyCount "63"]
[EventDate "1993.??.??"]
[EventType "team"]
[EventRounds "4"]
[EventCountry "ITA"]
[SourceTitle "EXT 1999"]
[Source "ChessBase"]
[SourceDate "1998.11.16"]
[SourceVersion "1"]
[SourceVersionDate "1998.11.16"]
[SourceQuality "1"]

1. e4 c5 2. Nf3 Nc6 3. d4 cxd4 4. Nxd4 Nf6 5. Nc3 e6 6. Ndb5 Bb4 7. a3 Bxc3+ 8. Nxc3 d5 9. exd5 exd5 10. Bd3 0-0 11. 0-0 Bg4 12. f3 Bh5 13. Bg5 Qb6+ 14. Kh1 Ne4 15. Nxe4 dxe4 16. Bxe4 Qxb2 17. Rb1 Qxa3 18. Rxb7 Qa6 19. Rb1 Bg6 20. Ra1 Qb6 21. Bd5 Rac8 22. c4 Rc7 23. Re1 Rfc8 24. Be3 Qb4 25. Bf4 Rd7 26. h3 h6 27. Ra6 Kh7 28. Bd2 Qb2 29. Bc1 Qb8 30. Ra2 Ne7 31. Be3 Rcd8 32. Rd2 0-1

[Event "Caorle op-A"]
[Site "Caorle"]
[Date "1991.07.09"]
[Round "5.19"]
[White "Jukic, Branimir"]
[Black "Mora, Federico"]
[Result "1/2-1/2"]
[WhiteElo "2310"]
[BlackElo "2168"]
[PlyCount "52"]
[EventDate "1991.07.05"]
[EventType "swiss"]
[EventRounds "9"]
[EventCountry "ITA"]
[SourceTitle "EXT 2023"]
[Source "ChessBase"]
[SourceDate "2022.10.05"]
[SourceVersion "1"]
[SourceVersionDate "2022.10.05"]
[SourceQuality "1"]

1. e4 c5 2. Nf3 e6 3. d3 Nc6 4. g3 g6 5. Bg2 Bg7 6. 0-0 Nge7 7. Re1 d5 8. Nbd2 b6 9. e5 Qc7 10. Qe2 h6 11. h4 g5 12. hxg5 hxg5 13. Nxg5 Qxe5 14. Qxe5 Bxe5 15. Nf1 Bf6 16. Nf3 a5 17. Ne3 Ba6 18. Ng4 Bg7 19. Bg5 Bxb2 20. Rab1 Bc3 21. Bf6 Bxf6 22. Nxf6+ Kd8 23. Rxb6 Kc7 24. Rbb1 Rab8 25. Rxb8 Rxb8 26. Ng5 Nd4 1/2-1/2

[Event "Caorle op-A"]
[Site "Caorle"]
[Date "1991.07.08"]
[Round "4.10"]
[White "Mora, Federico"]
[Black "Kruszynski, Wlodzimierz"]
[Result "0-1"]
[WhiteElo "2168"]
[BlackElo "2345"]
[PlyCount "54"]
[EventDate "1991.07.05"]
[EventType "swiss"]
[EventRounds "9"]
[EventCountry "ITA"]
[SourceTitle "EXT 2023"]
[Source "ChessBase"]
[SourceDate "2022.10.05"]
[SourceVersion "1"]
[SourceVersionDate "2022.10.05"]
[SourceQuality "1"]

1. e4 c5 2. Nf3 e6 3. Nc3 a6 4. d4 cxd4 5. Nxd4 Nc6 6. Be2 d6 7. f4 Be7 8. Bf3 Qc7 9. Be3 Nf6 10. 0-0 0-0 11. Na4 Rb8 12. c4 e5 13. Nxc6 bxc6 14. fxe5 dxe5 15. c5 Rb4 16. h3 Be6 17. b3 Nxe4 18. Qe1 Rxa4 19. bxa4 Nxc5 20. Qc3 Nxa4 21. Qxc6 Qa5 22. Rfc1 Bb4 23. a3 Bc3 24. Bb6 Qb5 25. Rab1 Bb2 26. Bd1 Nxb6 27. Qxb5 Bd4+ 0-1

[Event "Caorle op-A"]
[Site "Caorle"]
[Date "1991.07.06"]
[Round "2.25"]
[White "Papanetz, Peter"]
[Black "Mora, Federico"]
[Result "0-1"]
[WhiteElo "2305"]
[BlackElo "2168"]
[PlyCount "100"]
[EventDate "1991.07.05"]
[EventType "swiss"]
[EventRounds "9"]
[EventCountry "ITA"]
[SourceTitle "EXT 2023"]
[Source "ChessBase"]
[SourceDate "2022.10.05"]
[SourceVersion "1"]
[SourceVersionDate "2022.10.05"]
[SourceQuality "1"]

1. e4 c5 2. c3 e5 3. Nf3 Nc6 4. Bb5 a6 5. Bxc6 dxc6 6. Nxe5 Qe7 7. d4 cxd4 8. cxd4 f6 9. Nf3 Qxe4+ 10. Be3 Bg4 11. Nbd2 Qd3 12. Rc1 Bb4 13. Qe2 Qxe2+ 14. Kxe2 Ne7 15. Ne4 0-0-0 16. h3 Bxf3+ 17. Kxf3 Nd5 18. Rc4 Ba5 19. Rc5 Nxe3 20. fxe3 Bb6 21. Rc3 Rd5 22. b4 h5 23. Nc5 g5 24. Ke4 a5 25. a3 Re8+ 26. Kd3 Rf5 27. Rc2 Kc7 28. Rb1 axb4 29. axb4 h4 30. Ra1 Rd5 31. Ne4 Rf5 32. Nc5 Rd5 33. Rf2 f5 34. Raf1 Rf8 35. e4 fxe4+ 36. Kxe4 Re8+ 37. Kd3 Red8 38. Rf7+ Kc8 39. Rg7 Rxd4+ 40. Kc3 Bxc5 41. bxc5 Rd3+ 42. Kc2 R3d5 43. Rff7 Rxc5+ 44. Kb3 Rb5+ 45. Kc4 Kb8 46. Rg6 Rd2 47. Rg8+ Ka7 48. Rg6 Ka6 49. Rh7 Rc2+ 50. Kd4 Rxg2 0-1

[Event "Budapest Spring op 06th"]
[Site "Budapest"]
[Date "1990.??.??"]
[Round "2"]
[White "Gagarin, Vasilij"]
[Black "Mora, Federico"]
[Result "1/2-1/2"]
[WhiteElo "2395"]
[BlackElo "2255"]
[PlyCount "101"]
[EventDate "1990.03.??"]
[EventType "swiss"]
[EventRounds "9"]
[EventCountry "HUN"]
[SourceTitle "CBM 017 Extra"]
[Source "ChessBase"]
[SourceDate "1990.09.01"]
[SourceVersion "1"]
[SourceVersionDate "1990.09.01"]
[SourceQuality "1"]

1. d4 c5 2. d5 Nf6 3. Nf3 d6 4. c4 g6 5. Nc3 Bg7 6. e4 0-0 7. h3 e6 8. Bd3 Re8 9. 0-0 Na6 10. a3 Nc7 11. Rb1 exd5 12. cxd5 b6 13. Re1 Nd7 14. Be3 a5 15. Qc2 Qe7 16. Nd2 Rb8 17. Nb5 Ne5 18. Bf1 Nxb5 19. Bxb5 Bd7 20. Qb3 g5 21. Bxd7 Nxd7 22. Nf1 Qxe4 23. Bxg5 Qf5 24. Qg3 Qg6 25. Ne3 Ne5 26. f4 h6 27. fxe5 Bxe5 28. Qf3 Qxg5 29. Nf5 Qf4 30. Ne7+ Kf8 31. Qxf4 Bxf4 32. Nc6 Rxe1+ 33. Rxe1 Re8 34. Rxe8+ Kxe8 35. b3 b5 36. Nxa5 Bc1 37. Kf1 Bxa3 38. Ke2 Kd7 39. Kd3 Kc7 40. g4 Bc1 41. h4 Bf4 42. Nc6 Kd7 43. Na7 b4 44. Nc6 Bg3 45. h5 Bf4 46. Na5 Bg5 47. Ke4 Kc7 48. Nc4 Kd7 49. Kf5 Bh4 50. Nd2 Ke7 51. Nc4 1/2-1/2

[Event "Budapest Spring op 06th"]
[Site "Budapest"]
[Date "1990.??.??"]
[Round "6"]
[White "Lamza, Nenad"]
[Black "Mora, Federico"]
[Result "1-0"]
[WhiteElo "2340"]
[BlackElo "2255"]
[PlyCount "60"]
[EventDate "1990.03.??"]
[EventType "swiss"]
[EventRounds "9"]
[EventCountry "HUN"]
[SourceTitle "CBM 017 Extra"]
[Source "ChessBase"]
[SourceDate "1990.09.01"]
[SourceVersion "1"]
[SourceVersionDate "1990.09.01"]
[SourceQuality "1"]

1. e4 c5 2. Nf3 a6 3. c3 e6 4. d4 d5 5. e5 Nc6 6. Bd3 f5 7. a3 c4 8. Bc2 Bd7 9. g4 g6 10. h4 Qe7 11. h5 Bh6 12. g5 Bg7 13. Nbd2 Na5 14. Rb1 Bc6 15. Nf1 Qf7 16. Ng3 Ne7 17. Ne2 0-0-0 18. Nf4 h6 19. Be3 gxh5 20. Rg1 Be8 21. g6 Qg8 22. Nh4 Kb8 23. Nxh5 Nc8 24. Rg3 Qf8 25. Ng2 Bd7 26. Ngf4 Nb6 27. Ke2 Rc8 28. Qh1 Nc6 29. Nxg7 Qxg7 30. Nh5 Qe7 1-0

[Event "Lugano op"]
[Site "Lugano"]
[Date "1989.03.11"]
[Round "9"]
[White "Mora, Federico"]
[Black "Bottema, Tom"]
[Result "1-0"]
[WhiteElo "2305"]
[BlackElo "2240"]
[PlyCount "71"]
[EventDate "1989.03.03"]
[EventType "swiss"]
[EventRounds "9"]
[EventCountry "SUI"]
[SourceTitle "TD"]
[Source "ChessBase"]
[SourceDate "1994.03.01"]
[SourceVersion "1"]
[SourceVersionDate "1994.03.01"]
[SourceQuality "1"]

1. e4 g6 2. d4 Bg7 3. Nc3 c6 4. Bc4 d6 5. Qf3 e6 6. Nge2 Nd7 7. a4 b6 8. 0-0 Bb7 9. Qg3 Qe7 10. f4 Ngf6 11. e5 Nh5 12. Qe3 d5 13. Bd3 f5 14. b3 Bf8 15. Nb1 Ng7 16. c4 Qd8 17. Ba3 Bxa3 18. Nxa3 Qe7 19. Rfc1 Kf7 20. c5 Rhc8 21. b4 Ne8 22. Nc2 a5 23. cxb6 Nxb6 24. Rcb1 Ba6 25. bxa5 Nc4 26. Bxc4 Bxc4 27. Nc3 Rxa5 28. Na3 Ba6 29. Rb6 c5 30. Nab5 Qd8 31. dxc5 d4 32. Qxd4 Qxd4+ 33. Nxd4 Raxc5 34. Ncb5 Nc7 35. Nb3 Rc6 36. Rxc6 1-0

[Event "Lugano op"]
[Site "Lugano"]
[Date "1989.03.09"]
[Round "7"]
[White "Mora, Federico"]
[Black "Lagumina, Giulio"]
[Result "0-1"]
[WhiteElo "2305"]
[BlackElo "2310"]
[PlyCount "51"]
[EventDate "1989.03.03"]
[EventType "swiss"]
[EventRounds "9"]
[EventCountry "SUI"]
[SourceTitle "TD"]
[Source "ChessBase"]
[SourceDate "1994.03.01"]
[SourceVersion "1"]
[SourceVersionDate "1994.03.01"]
[SourceQuality "1"]

1. e4 e5 2. Bc4 Nf6 3. Qe2 Nc6 4. c3 Bc5 5. Nf3 d6 6. d3 a6 7. Bb3 Ba7 8. Nbd2 0-0 9. h3 Be6 10. g4 Bxb3 11. axb3 d5 12. Nf1 dxe4 13. dxe4 Qd6 14. Ng3 Rad8 15. Bg5 Qd3 16. Bxf6 gxf6 17. Nh4 Ne7 18. Nh5 Qxe2+ 19. Kxe2 Rd6 20. Rad1 Rfd8 21. Nxf6+ Kg7 22. Nh5+ Kh6 23. Rxd6+ Rxd6 24. Rf1 Re6 25. f4 exf4 26. Rxf4 0-1

[Event "Lugano op"]
[Site "Lugano"]
[Date "1989.03.07"]
[Round "5"]
[White "Mora, Federico"]
[Black "Borgstaedt, Michael"]
[Result "1/2-1/2"]
[WhiteElo "2305"]
[BlackElo "2260"]
[PlyCount "30"]
[EventDate "1989.03.03"]
[EventType "swiss"]
[EventRounds "9"]
[EventCountry "SUI"]
[SourceTitle "TD"]
[Source "ChessBase"]
[SourceDate "1994.03.01"]
[SourceVersion "1"]
[SourceVersionDate "1994.03.01"]
[SourceQuality "1"]

1. e4 e6 2. d4 d5 3. Nc3 Bb4 4. a3 Bxc3+ 5. bxc3 Ne7 6. exd5 exd5 7. Bg5 0-0 8. Bd3 f6 9. Bc1 Bf5 10. Ne2 Nbc6 11. 0-0 Na5 12. Nf4 Qd7 13. Re1 Rfe8 14. h3 Ng6 15. Rxe8+ Rxe8 1/2-1/2

[Event "Lugano op"]
[Site "Lugano"]
[Date "1989.03.06"]
[Round "4"]
[White "Costa, Jean Luc"]
[Black "Mora, Federico"]
[Result "1-0"]
[WhiteElo "2360"]
[BlackElo "2305"]
[PlyCount "117"]
[EventDate "1989.03.03"]
[EventType "swiss"]
[EventRounds "9"]
[EventCountry "SUI"]
[SourceTitle "TD"]
[Source "ChessBase"]
[SourceDate "1994.03.01"]
[SourceVersion "1"]
[SourceVersionDate "1994.03.01"]
[SourceQuality "1"]

1. d4 c5 2. d5 Nf6 3. c4 d6 4. Nc3 g6 5. e4 Bg7 6. f3 0-0 7. Bg5 h6 8. Be3 e6 9. Qd2 exd5 10. cxd5 h5 11. Nge2 Nbd7 12. Nc1 Nh7 13. Nd3 a6 14. a4 b6 15. Be2 Rb8 16. 0-0 Qe8 17. Nf2 f6 18. Rae1 Qf7 19. f4 f5 20. Bd3 Re8 21. Kh1 Ndf6 22. exf5 gxf5 23. Nh3 Ne4 24. Bxe4 fxe4 25. f5 Bxf5 26. Qe2 Rf8 27. Rf2 Bxc3 28. bxc3 Qxd5 29. Nf4 Qf7 30. Nxh5 Qd7 31. g4 Be6 32. Rxf8+ Rxf8 33. Bh6 Re8 34. h3 Bf7 35. Ng7 Re7 36. Nf5 Re6 37. Qxa6 d5 38. Rd1 Bg6 39. Qa8+ Re8 40. Rxd5 Rxa8 41. Rxd7 Bxf5 42. gxf5 Nf6 43. Rg7+ Kh8 44. Rb7 Nh5 45. Kg2 Kg8 46. h4 Rxa4 47. Kh3 e3 48. Bxe3 Nf4+ 49. Kh2 Re4 50. Bc1 Nd5 51. Bg5 Re5 52. c4 Ne3 53. f6 Ng4+ 54. Kh3 Re4 55. h5 Ne5 56. Rg7+ Kf8 57. h6 Re1 58. h7 Rh1+ 59. Kg3 1-0

[Event "Caorle op"]
[Site "Caorle"]
[Date "1988.??.??"]
[Round "4"]
[White "Mora, Federico"]
[Black "Malloni, Marcello"]
[Result "1/2-1/2"]
[WhiteElo "2010"]
[BlackElo "2075"]
[PlyCount "83"]
[EventDate "1988.??.??"]
[EventType "swiss"]
[EventRounds "8"]
[EventCountry "ITA"]
[SourceTitle "EXT 1999"]
[Source "ChessBase"]
[SourceDate "1998.11.16"]
[SourceVersion "1"]
[SourceVersionDate "1998.11.16"]
[SourceQuality "1"]

1. e4 e6 2. d4 d5 3. Nc3 Nf6 4. e5 Nfd7 5. f4 c5 6. Nf3 Nc6 7. Be3 Qb6 8. Na4 Qa5+ 9. c3 cxd4 10. b4 Qc7 11. Nxd4 Nxd4 12. Bxd4 Nb8 13. Qb3 Nc6 14. Bb5 Bd7 15. Bxc6 Qxc6 16. Nb2 a5 17. a3 Qa6 18. Kf2 Be7 19. a4 axb4 20. cxb4 0-0 21. Rhe1 Rfc8 22. Kg1 Rc7 23. Rac1 Rac8 24. Rxc7 Rxc7 25. Kf2 Qa8 26. Ke3 h6 27. g3 Qc8 28. Re2 Be8 29. Rd2 f5 30. h4 Bh5 31. a5 Rc1 32. Nd3 Rc4 33. Nc5 Kf7 34. Qb2 Qc6 35. Rc2 Rxc2 36. Qxc2 Qb5 37. Qd2 Bg4 38. Kf2 Bh3 39. Nd3 Bg4 40. Nc5 Bd8 41. Be3 Bh3 42. Kg1 1/2-1/2

[Event "Caorle op"]
[Site "Caorle"]
[Date "1988.??.??"]
[Round "8"]
[White "Negra, Massimiliano"]
[Black "Mora, Federico"]
[Result "1/2-1/2"]
[WhiteElo "1955"]
[BlackElo "2010"]
[PlyCount "29"]
[EventDate "1988.??.??"]
[EventType "swiss"]
[EventRounds "8"]
[EventCountry "ITA"]
[SourceTitle "EXT 1999"]
[Source "ChessBase"]
[SourceDate "1998.11.16"]
[SourceVersion "1"]
[SourceVersionDate "1998.11.16"]
[SourceQuality "1"]

1. d4 Nf6 2. c4 c5 3. Nf3 cxd4 4. Nxd4 e6 5. Nc3 Bb4 6. Bd2 0-0 7. a3 Be7 8. Bg5 d5 9. e3 Nc6 10. Be2 Qb6 11. Na4 Qc7 12. Nb5 Qd8 13. c5 e5 14. 0-0 Be6 15. f4 1/2-1/2